BSOP header

基督敎的本质 Jidu jiao de ben zhi =Essence of Christianity {ch} / (Record no. 37277)

MARC details
000 -LEADER
fixed length control field 01701cam a2200397Ii 4500
001 - CONTROL NUMBER
control field 7381968
005 - DATE AND TIME OF LATEST TRANSACTION
control field 20140520110403.0
008 - FIXED-LENGTH DATA ELEMENTS--GENERAL INFORMATION
fixed length control field 951113s1984 cc b 000 0 chi d
020 ## - INTERNATIONAL STANDARD BOOK NUMBER
International Standard Book Number 7100017556
020 ## - INTERNATIONAL STANDARD BOOK NUMBER
International Standard Book Number 9787100017558
020 ## - INTERNATIONAL STANDARD BOOK NUMBER
International Standard Book Number 9787100060042
020 ## - INTERNATIONAL STANDARD BOOK NUMBER
International Standard Book Number 7100060044
035 ## - SYSTEM CONTROL NUMBER
System control number (OCoLC)ocm33468445
040 ## - CATALOGING SOURCE
Original cataloging agency CVU
Transcribing agency CVU
Modifying agency CFT
-- OCLCQ
041 1# - LANGUAGE CODE
Language code of text/sound track or separate title chi
Language code of original and/or intermediate translations of text ger
049 ## - LOCAL HOLDINGS (OCLC)
Holding library UIUU
100 1# - MAIN ENTRY--PERSONAL NAME
Personal name 费尔巴哈 Feuerbach, Ludwig,
Dates associated with a name 1804-1872.
240 10 - UNIFORM TITLE
Uniform title Wesen des Christentums.
Language of a work Chinese
245 10 - TITLE STATEMENT
Title 基督敎的本质 Jidu jiao de ben zhi =Essence of Christianity {ch} /
Statement of responsibility, etc 费尔巴哈著 ; 荣震华译. ; Ludwig Feuerbach; Fei'erbaha zhu ; Rong Zhenhua yi.
246 31 - VARYING FORM OF TITLE
Title proper/short title Essence of Christianity
260 ## - PUBLICATION, DISTRIBUTION, ETC. (IMPRINT)
Place of publication, distribution, etc Beijing :
Name of publisher, distributor, etc Shang wu yin shu guan,
Date of publication, distribution, etc 2009.
300 ## - PHYSICAL DESCRIPTION
Extent 2, 436 p. ;
Dimensions 21 cm.
440 ## - SERIES STATEMENT/ADDED ENTRY--TITLE
Title 漢譯世界學術名著叢書 Han yi shi jie xue shu ming zhu cong shu zhen cang ben = [Collection of world-renown academic classical works in Chinese].
500 ## - GENERAL NOTE
General note Translation of: Das Wesen des Christentums; Leipzig, O. Wigand, 1841. Published in English as The essence of Christianity
504 ## - BIBLIOGRAPHY, ETC. NOTE
Bibliography, etc Includes bibliographical references.
650 #0 - SUBJECT ADDED ENTRY--TOPICAL TERM
Topical term or geographic name as entry element Religion
General subdivision Philosophy {ch}.
650 #0 - SUBJECT ADDED ENTRY--TOPICAL TERM
Topical term or geographic name as entry element Christianity
Form subdivision Controversial literature {ch}.
700 1# - ADDED ENTRY--PERSONAL NAME
Personal name 荣震华 Rong, Zhenhua.
830 #0 - SERIES ADDED ENTRY--UNIFORM TITLE
Linkage 880-05
Uniform title Han yi shi jie xue shu ming zhu cong shu.
880 10 - ALTERNATE GRAPHIC REPRESENTATION
Linkage 245-01
a 基督敎的本质 /
c 费尔巴哈著 ; 荣震华译.
880 ## - ALTERNATE GRAPHIC REPRESENTATION
Linkage 260-02
a 北京 :
b 商务印书馆,
c 1984,
g ( 1997 printing)
880 1# - ALTERNATE GRAPHIC REPRESENTATION
Linkage 490-03
a 汉译世界学術名著丛书
880 1# - ALTERNATE GRAPHIC REPRESENTATION
Linkage 700-04
a 荣震华.
880 #0 - ALTERNATE GRAPHIC REPRESENTATION
Linkage 830-05
a 汉译世界学術名著丛书.
942 ## - ADDED ENTRY ELEMENTS (KOHA)
Source of classification or shelving scheme Library of Congress Classification
Holdings
Withdrawn status Lost status Source of classification or shelving scheme Damaged status Not for loan Home library Current library Shelving location Date acquired Source of acquisition Cost, normal purchase price Accession number Total Checkouts Full call number Barcode Date last seen Price effective from Koha item type
    Library of Congress Classification     BSOP Library BSOP Library Reference Chinese 01/28/2014 Commercial Press 303.70 C-11936   B2971.W4 .C5 F43 2009 00043736 01/28/2014 01/28/2014 Books
BSOP

Biblical Seminary of the Philippines
  All rights Reserved
  © 2024

CONTACT INFORMATION

Biblical Seminary of the Philippines,
  77-B Karuhatan Road, Valenzuela City,
  PHILIPPINES 1441
  Phone: +632 8292-6795 / 8292-6798
  Fax : +632 8292-6675
  Email: library@bsop.edu.ph